Catálogo

Animation masterclasses : (Registro nro. 70302)

Detalles MARC
000 -LEADER
fixed length control field 01341cam a2200325 i 4500
001 - CONTROL NUMBER
control field 70302
003 - CONTROL NUMBER IDENTIFIER
control field Mx-PuUPA
005 - DATE AND TIME OF LATEST TRANSACTION
control field 20260216093915.0
008 - FIXED-LENGTH DATA ELEMENTS--GENERAL INFORMATION
fixed length control field 230811s2023 flua|||fr|||| 001 0 eng d
020 ## - INTERNATIONAL STANDARD BOOK NUMBER
International Standard Book Number 9781032345864
Qualifying information rústica
024 7# - OTHER STANDARD IDENTIFIER
Source of number or code doi
Standard number or code 10.1201/9781003324287
040 ## - CATALOGING SOURCE
Original cataloging agency Mx-PuUPA
Language of cataloging spa
Transcribing agency Mx-PuUPA
Modifying agency Mx-PuUPA
Description conventions rda
041 0# - LANGUAGE CODE
Language code of text/sound track or separate title eng
100 1# - MAIN ENTRY--PERSONAL NAME
Personal name White, Tony,
Dates associated with a name 1947-
9 (RLIN) 14620
Relator term autor
245 10 - TITLE STATEMENT
Title Animation masterclasses :
Remainder of title from pencils to pixels a complete course in animation & production /
Statement of responsibility, etc. Tony White
250 ## - EDITION STATEMENT
Edition statement First edition
264 #1 - PRODUCTION, PUBLICATION, DISTRIBUTION, MANUFACTURE, AND COPYRIGHT NOTICE
Place of production, publication, distribution, manufacture Boca Raton, Fl :
Name of producer, publisher, distributor, manufacturer CRC Press,
Date of production, publication, distribution, manufacture, or copyright notice 2023
300 ## - PHYSICAL DESCRIPTION
Extent xx, 807 páginas :
Other physical details ilustraciones (a color) ;
Dimensions 26 cm
336 ## - CONTENT TYPE
Fuente rdacontent
Content type term texto
Content type code txt
337 ## - MEDIA TYPE
Source rdamedia
Media type term sin medio
Media type code n
338 ## - CARRIER TYPE
Source rdacarrier
Carrier type term volumen
Carrier type code nc
650 #7 - SUBJECT ADDED ENTRY--TOPICAL TERM
Source of heading or term armarc
Topical term or geographic name entry element Animación (Cinematografía)
650 #7 - SUBJECT ADDED ENTRY--TOPICAL TERM
Source of heading or term armarc
Topical term or geographic name entry element Animación por computadora
942 ## - ADDED ENTRY ELEMENTS (KOHA)
Source of classification or shelving scheme Dewey Decimal Classification
Koha item type Libro
Classification part 791.4334
Item part W57
Existencias
Withdrawn status Lost status Source of classification or shelving scheme Damaged status Not for loan Collection code Home library Current library Shelving location Date acquired Source of acquisition Cost, normal purchase price Total Checkouts Full call number Barcode Date last seen Date last checked out Cost, replacement price Price effective from Koha item type Copy number
    Dewey Decimal Classification     General Biblioteca Karol Wojtyla Biblioteca Karol Wojtyla Sala general 27/06/2023 2 1128.09 1 791.4334 W57 2023 103748 05/01/2026 08/04/2025 1128.09 27/06/2023 Libro  
    Dewey Decimal Classification     General Biblioteca Karol Wojtyla Biblioteca Karol Wojtyla Sala general 13/11/2024 2 1265.73   791.4334 W57 2023 105520 05/01/2026   1265.73 13/11/2024 Libro Ej.2